Países com mais japoneses fora do Japão - Statistics

Estatísticas Gerais
  • Esse quiz foi jogado 105 vezes
  • A pontuação média é 13 de 18
Estatísticas das Respostas
População País % Correto
2,70 mi Brasil
100%
102 mil China
95%
65 mil Coreia do Sul
95%
1,55 mi Estados Unidos
95%
42 mil Alemanha
88%
76 mil Argentina
88%
129 mil Canadá
88%
94 mil Austrália
86%
36 mil França
86%
86 mil México
80%
65 mil Reino Unido
79%
78 mil Tailândia
64%
120 mil Filipinas
56%
203 mil Peru
54%
21 mil Vietnã
53%
20 mil Taiwan
52%
24 mil Malásia
40%
32 mil Singapura
31%
Nenhum quiz correspondente encontrado
Distribuição das Pontuações
Porcentagem de Pessoas com Cada Pontuação
Percentil de Números Respondidos
Sua Pontuação Histórica
Você não jogou esse quiz